00862nam a2200205 i 4500001000300000245014800003260004500151300004100196490008000237700002400317700003000341700001800371830008000389020001500469040000800484041000800492080001700500008004100517856009800558bg 0aFinite rotations in structural mechanics :bproceedings of the Euromech Colloquium 197, Jabłonna, Poland, 1985 /cedit. by W. Pietraszkiewicz. aBerlin [i in.] :bSpringer-Verl.,c1986. aXII, 379 s. :brys., wykr. ;c24 cm.1 aLecture Notes in Engineering / edit. by C. A. Brebbia a. S. A. Orszag ;v191 aPIETRASZKIEWICZ, W.1 aBrebbia, C. A.d(1938- ).1 aORSZAG, S. A. 0aLecture Notes in Engineering (edit. by C. A. Brebbia a. S. A. Orszag) ;v19 a3540167374 cBPK apol a624:539.3/.6 s pl f |000 0 pol  uhttp://koha.tu.koszalin.pl/cgi-bin/koha/opac-detail.pl?biblionumber=28660yKatalog online BPK